| 000 | 00715cam a22002651 4500 | ||
|---|---|---|---|
| 001 | sa 65008037 | ||
| 003 | DLC | ||
| 005 | 20260227112153.0 | ||
| 008 | 900208s1962 ii 000 0 sano | ||
| 010 | _asa 65008037 | ||
| 035 | _a(OCoLC)21021502 | ||
| 040 |
_aDLC _cWaU _dDLC |
||
| 041 | 0 | _asanhin | |
| 042 | _apremarc | ||
| 050 | 0 | 0 |
_aPK531 _b.A1 1962 |
| 100 | 0 | _aPatañjali. | |
| 245 | 1 | 0 | _aVyākaraṇa-mahābhāṣya. |
| 260 | _c[1962] | ||
| 300 |
_a156 p. _c23 cm. |
||
| 500 | _aHindi and Sanskrit. | ||
| 500 | _aA commentary on Pāṇini's Aṣṭādhyāyī. | ||
| 650 | 0 |
_aSanskrit language _xGrammar. |
|
| 700 | 0 |
_aPāṇini. _tAṣṭādhyāyī. |
|
| 700 | 1 |
_aŚāstrī, Cārudeva, _d1896-1987. |
|
| 999 |
_c65505 _d65505 |
||